English Fairy Tales (Record no. 236759)
[ view plain ]
| 000 -LEADER | |
|---|---|
| fixed length control field | 01665cam a22002653a 4500 |
| 001 - CONTROL NUMBER | |
| control field | 7439 |
| 003 - CONTROL NUMBER IDENTIFIER | |
| control field | PGUSA |
| 005 - DATE AND TIME OF LATEST TRANSACTION | |
| control field | 20140828083144.0 |
| 008 - FIXED-LENGTH DATA ELEMENTS--GENERAL INFORMATION | |
| fixed length control field | 050201s2005||||xxu|||||s|||||000 | eng d |
| 040 ## - CATALOGING SOURCE | |
| Original cataloging agency | PGUSA |
| Language of cataloging | eng |
| 042 ## - AUTHENTICATION CODE | |
| Authentication code | dc |
| 050 #4 - LIBRARY OF CONGRESS CALL NUMBER | |
| Classification number | GR |
| 050 #4 - LIBRARY OF CONGRESS CALL NUMBER | |
| Classification number | PN |
| 245 10 - TITLE STATEMENT | |
| Title | English Fairy Tales |
| Medium | [electronic resource] |
| 260 ## - PUBLICATION, DISTRIBUTION, ETC. (IMPRINT) | |
| Name of publisher, distributor, etc | Project Gutenberg, |
| Date of publication, distribution, etc | 2005 |
| 505 0# - FORMATTED CONTENTS NOTE | |
| Formatted contents note | Tom tit tot -- The three sillies -- The rose-tree -- The old woman and her pig -- How jack went to seek his fortune -- Mr. Vinegar -- Nix nought nothing -- Jack Hannaford -- Binnorie -- Mouse and mouser -- Cap o' rushes -- Teeny-tiny -- Jack and the beanstalk -- The story of the three little pigs -- The master and his pupil -- Titty mouse and tatty mouse -- Jack and his golden snuff-box -- The story of the three bears -- Jack the giant-killer -- Henny-penny -- Childe Rowland -- Molly Whuppie -- The red ettin -- The golden arm -- The history of Tom Thumb -- Mr. Fox -- Lazy Jack -- Johnny-cake -- Earl Mar's daughter -- Mr. Miacca -- Whittington and his cat -- The strange visitor -- The laidly worm of Spindleston Heugh -- The cat and the mouse -- The fish and the ring -- The magpie's nest -- Kate Crackernuts -- The cauld lad of Hilton -- The ass, the table, and the stick -- Fairy ointment -- The well of the world's end -- Master of all masters -- The three heads of the well. |
| 506 ## - RESTRICTIONS ON ACCESS NOTE | |
| Terms governing access | Public domain in the USA. |
| 516 ## - TYPE OF COMPUTER FILE OR DATA NOTE | |
| Type of computer file or data note | Electronic text |
| 653 ## - INDEX TERM--UNCONTROLLED | |
| Uncontrolled term | Fairy tales -- England |
| 653 ## - INDEX TERM--UNCONTROLLED | |
| Uncontrolled term | Folklore -- England |
| 700 1# - ADDED ENTRY--PERSONAL NAME | |
| Personal name | Jacobs, Joseph, |
| Dates associated with a name | 1854-1916 |
| 830 #0 - SERIES ADDED ENTRY--UNIFORM TITLE | |
| Uniform title | Project Gutenberg |
| Volume number/sequential designation | 7439 |
| 856 40 - ELECTRONIC LOCATION AND ACCESS | |
| Uniform Resource Identifier | <a href="http://www.gutenberg.org/ebooks/7439">http://www.gutenberg.org/ebooks/7439</a> |
| 942 ## - ADDED ENTRY ELEMENTS (KOHA) | |
| Koha item type | eBooks |
| Withdrawn status | Lost status | Damaged status | Home library | Current library | Date acquired | Total Checkouts | Date last seen | Price effective from | Koha item type |
|---|---|---|---|---|---|---|---|---|---|
| Project Gutenberg | Project Gutenberg | 08/28/2014 | 08/28/2014 | 08/28/2014 | eBooks |